Fútbol de salón: Tomado del reglamento aprobado en el congreso de Argentina, 1994, y promulgado en el congreso de España, 1995, y actualizado a abril de 2005 / Tucídides Perea Rosero ; ilustraciones Juan Ramón Sierra Carrasquilla (Registro nro. 48808)
[ vista simple ]
| 000 -LÍDER | |
|---|---|
| Campo fijo de descripción fija | 007940000a22002050004500 |
| 001 - NÚMERO DE CONTROL | |
| Campo de control | 1650 |
| 003 - IDENTIFICADOR DEL NÚMERO DE CONTROL | |
| Campo de control | CO-MdFUSB |
| 005 - FECHA Y HORA DE LA ULTIMA TRANSACCIÓN | |
| control field | 20180409154537.0 |
| 008 - ELEMENTOS DE LONGITUD FIJA -- INFORMACIÓN GENERAL | |
| Campo fijo de descripción fija -- Información general | 180409b xxu||||| |||| 00| 0 eng d |
| 020 ## - NÚMERO INTERNACIONAL NORMALIZADO PARA LIBROS | |
| Número Internacional Normalizado del libro | 958-30-0026-4 |
| 040 ## - FUENTE DE CATALOGACIÓN | |
| Agencia que realiza la transcripción | CO-MdBIC |
| 082 04 - NÚMERO DE CLASIFICACIÓN DECIMAL DEWEY | |
| Número de clasificación | 796 P41fs |
| 100 1# - ASIENTO PRINCIPAL--NOMBRE PERSONAL | |
| Nombre personal | Perea Rosero, Tucídides |
| 245 10 - TÍTULO | |
| Título del Material | Fútbol de salón: Tomado del reglamento aprobado en el congreso de Argentina, 1994, y promulgado en el congreso de España, 1995, y actualizado a abril de 2005 / Tucídides Perea Rosero ; ilustraciones Juan Ramón Sierra Carrasquilla |
| 250 ## - MENCIÓN DE EDICIÓN | |
| Mención de edición | 4a ed. / edición Gabriel Silva Rincón |
| 260 ## - PUBLICACIÓN, DISTRIBUCIÓN, ETC. (PIE DE IMPRENTA) | |
| Lugar de publicación, distribución, etc. | Santafé de Bogotá : Panamericana Editorial |
| 300 ## - DESCRIPCIÓN FÍSICA | |
| Extensión | 160 P. |
| 650 14 - ASIENTO SECUNDARIO DE MATERIA - TERMINO TEMÁTICO | |
| Término temático o nombre geográfico como elemento de entrada | Microfútbol - Reglamentos \ Microfútbol - Estrategias y técnicas |
| 942 ## - TIPO DE MATERIAL (KOHA) | |
| Tipo de Item KOHA | Z- Libro General BINCO |
| Estado de Material | Estado de Perdido | Forma de Clasificación | Volumen-Parte/Tomo | Estado de Dañado | No para Préstamo | Tomo | Biblioteca de Origen | Biblioteca Permanente | Fecha de Adquisición | Total de Préstamos | Signatura Topográfica | Código de Barras | Última vez visto | Ejemplar/Existencia | Fecha de Remplazo | Tipo de Material |
|---|---|---|---|---|---|---|---|---|---|---|---|---|---|---|---|---|
| Dewey Decimal Classification | Biblioteca Infantil Comunitaria BINCO | Biblioteca Infantil Comunitaria BINCO | 09/10/2008 | 796 P41fs | B31977 | 24/11/2016 | 1 | 26/01/2016 | Z- Libro General BINCO |
